Resource management for individuals and families

Bibliographic Details
Main Author: Goldsmith, Elizabeth B.
Format: Book
Published: Belmont, CA : Thomson/Wadsworth , c2005.
Edition:3rd ed.
Subjects:

MARC

LEADER 00000cam a2200000 7i4500
001 0000003487
005 20060403.0
020 0 0 |a 0534628567 
090 0 0 |a 646.7   |b GOL 
100 1 0 |a Goldsmith, Elizabeth B. 
245 1 0 |a Resource management for individuals and families   |c Elizabeth B. Goldsmith. 
250 0 0 |a 3rd ed. 
260 0 0 |a Belmont, CA :   |b Thomson/Wadsworth ,   |c c2005. 
300 |a xii, 403 p. :   |b ill. ;   |c 26 cm. 
650 0 0 |a Life skills. 
650 0 0 |a Lifestyles. 
650 0 0 |a Resource allocation 
650 0 0 |a Stress management. 
650 0 0 |a Time management. 
650 0 0 |a Work and family. 
999 |a 0000006773   |b Monograph   |c Open Shelf   |e Default branch